00658 2200229 4500001002100000005001500021020001800036035002400054040001200078082002000090084002000110090002400130100002600154245009700180250001100277260003100288300004300319650001800362990001600380990001600396990001600412YOGYA00000000009919820140823123536 a979-16160-6-X 0010-101300000000079 aYOPDYOG 2[22]a181.19822 a181.19822 Har N aNUS 181.19822 Har N aHARIWIJAYA, M., 1976- aNgono ya ngono ning aja ngonobTafsir deskriptif filsafat dan kearifamn JawacM. Hariwijaya. aCet.1. aYogyakartabElmaterac2012 axviii, 218 hlm.bilus.c19 cm (3 eks.) aFilsafat-Jawa a0142/B.2013 a0143/B.2013 a0144/B.2013